Nâng cao công tác chủ nhiệm lớp ở trường THPT /

সংরক্ষণ করুন:
গ্রন্থ-পঞ্জীর বিবরন
প্রধান লেখক: Nguyễn Văn Nho.
বিন্যাস: প্রবন্ধ
ভাষা:Vietnamese
বিষয়গুলি:
ট্যাগগুলো: ট্যাগ যুক্ত করুন
কোনো ট্যাগ নেই, প্রথমজন হিসাবে ট্যাগ করুন!
Thư viện lưu trữ: Thư viện Trường Đại học Đà Lạt
LEADER 00787nam a2200265 4500
001 DLU180186426
005 ##20180823
040 # # |a DLU  |b vie 
041 # # |a vie 
044 # # |a vn 
100 # # |a Nguyễn Văn Nho. 
245 # # |a Nâng cao công tác chủ nhiệm lớp ở trường THPT /  |c Nguyễn Văn Nho. 
653 # # |a Công tác chủ nhiệm 
653 # # |a Phương pháp dạy học 
653 # # |a Trường THPT 
773 # # |t Tạp chí dạy và học ngày nay  |g Số 12, 2015, tr. 38-40 
920 # # |a Phòng Tạp chí -- Trung tâm Thông tin - Thư viện Trường Đại học Đà Lạt 
994 # # |a DLU 
900 # # |a True 
911 # # |a Trần Thị Minh Hương 
925 # # |a G 
926 # # |a A 
927 # # |a BB 
980 # # |a Thư viện Trường Đại học Đà Lạt